000 01932cam a2200361 4500500
005 20251228073414.0
041 _afre
042 _adc
100 1 0 _aMichel, Régis
_eauthor
245 0 0 _aTrauma : vidéos sans divan
260 _c2006.
500 _a81
520 _aRésuméDésœdipianiser l’Occident : tel est le mot d’ordre (ou de désordre) qui régit la vidéo féministe, où s’illustrent entre autres Ahtila et Wearing. Toutes deux fabriquent à coup d’images choc des machines de guerre contre Œdipe, tuteur aveugle d’un monde patriarcal où le phallus est toujours roi. Machines à désirer. Voire à délirer. Qui font l’éloge du parricide et la critique du capital : qui font, en un mot, du Freud contre Freud. Avec Deleuze et Guattari...
520 _aTo desoedipianize the West : such is the order (or the disorder) which rules feminist video as illustrated by Ahtila and Wearing, among others. With striking images, both produce engines of war against Oedipus, blind tutor of a patriarchal word where the phallus is still king. Engines of desire, if not of delirium, which praise parricide and blame capitalism, in short, which use Freud against Freud. With Deleuze and Guattari...
690 _aanti-œdipe
690 _adésir de désir
690 _afemme aux loups
690 _aimage nomade
690 _amachine de guerre
690 _aorganes sans corps
690 _arébellion des flux
690 _aschizo-analyse
690 _aanti-oedipus
690 _adesire of desire
690 _anomadic image
690 _aorgans without bodies
690 _arebellion of fluxes
690 _aschizoanalysis
690 _awar engine
690 _awoman with wolves
786 0 _nSavoirs et clinique | 7 | 1 | 2006-10-12 | p. 95-109 | 1634-3298
856 4 1 _uhttps://shs.cairn.info/revue-savoirs-et-cliniques-2006-1-page-95?lang=fr&redirect-ssocas=7080
999 _c1595195
_d1595195